| 000 | 00894nam a22003137a 4500 | ||
|---|---|---|---|
| 001 | 1712971 | ||
| 003 | OSt | ||
| 005 | 20210423062044.0 | ||
| 008 | 710402s1971 nyu b 000 0 eng | ||
| 010 | _a 71149549 | ||
| 020 | _a0814421482 | ||
| 040 |
_aDLC _cDLC _dDLC _beng |
||
| 041 | _aeng | ||
| 050 | 0 | 0 |
_aHF5500.2 _b.P45 |
| 080 |
_a65 _bP-56 |
||
| 082 | 0 | 0 | _a658.43 |
| 100 | 1 |
_aPhillips, Victor F., _d1927- |
|
| 245 | 1 | 4 |
_aThe organizational role of the assistant-to _c[by] Victor F. Phillips, Jr. _b/ by: American Management Association |
| 260 |
_aNew York _bAmerican Management Association _c[1971] |
||
| 300 |
_a96 p. _c21 cm. |
||
| 350 | _a$4.50 | ||
| 365 | _b4.50 usd | ||
| 504 | _aBibliography: p. 94-96. | ||
| 650 | 0 | _aExecutives. | |
| 650 | 0 |
_aBusiness _9323 |
|
| 653 | _aბიზნესი | ||
| 906 |
_a7 _bcbc _corignew _d4 _encip _f19 _gy-gencatlg |
||
| 942 |
_2udc _cBK |
||
| 999 |
_c1583 _d1583 |
||